Responses for Show #1829 - Thursday, July 9, 1992

1992 Seniors Tournament quarterfinal game 4.

Contestants

[<< previous game]

Paula Reach, a teacher from Oxnard, California

Morty Goldman, an investment consultant from New Rochelle, New York

Hansford Epes, a German and humanities professor from Davidson, North Carolina

[next game >>]

Jeopardy! Round responses

U.S. HISTORY
MUSICAL THEATRE
HEALTH FACTS
STARTS WITH "S"
ORGANIZATIONS
BIBLICAL SENIORS
    $100 10
Jefferson

Hansford
    $100 5
Gilbert & Sullivan

Morty
    $100 26
(Paula: What is asthma?)

hayfever

HansfordPaula
    $100 15
a sword

Hansford
    $100 20
UNESCO

Morty
    $100 1
Noah

Hansford
    $200 11
Congress

Hansford
    $200 6
(Paula: What is Japan?)

China

HansfordPaula
    $200 27
cholesterol

Hansford
    $200 16
a stag party

Morty
    $200 21
Bogotá

Paula
    $200 2
Methuselah

Hansford
    $300 12
dust storms

Hansford
    $300 7
Ethel Merman

Morty
    $300 28
diabetes

Morty
    $300 17
(Paula: What is spots?)
(Morty: [Without ringing in] What is [*]?)
...
(Alex: Thanks to, but you knew it anyway without Morty's help.)
(Hansford: That's right.)

snow

HansfordPaula
    $300 22
(Paula: Who are the Southern Christians?)

Senior Citizens

HansfordPaula
    $300 3
Joshua

Hansford
    $400 13
the Chicago Seven

Paula
    $400 8
Mabel Normand

Hansford
    $400 29
nitroglycerin

Paula
    $400 18
a slug

Hansford
    $400 23
students

Hansford
    $400 4
Egypt

Paula
    $500 14
(Paula: I'll bet 1100.)
(Alex: Well, you can't do that.)
(Paula: I'll bet 500.)
(Alex: You were thinking that if you were right you'd have $1100.)
...
(Paula: What is... I don't know.)
(Alex: Want to take a guess?)
(Paula: What is the USO?)

the Pony Express

Paula
    $500 9
the "Varsity Drag"

Hansford
    $500 30
chicken pox

Hansford
    $500 19
San Francisco

Morty
    $500 24
Publishers

Hansford
    $500 25
(Alex: We have less than a minute to go.)

Seth

Hansford

Scores at the first commercial break (after clue 14):

Hansford Morty Paula
$2,300 $400 $100

Scores at the end of the Jeopardy! Round:

Hansford Morty Paula
$5,600 $1,500 $0

Double Jeopardy! Round responses

ISLANDS
NONFICTION
FAMOUS WOMEN
MYTHOLOGICAL WORDS & PHRASES
ARTISTS
CHESTER A. ARTHUR
    $200 22
the Aleutians

Hansford
    $200 17
James Michener

Hansford
    $200 1
Indira Gandhi

Paula
    $200 6
tantalize

Morty
    $200 11
Toulouse-Lautrec

Hansford
    $200 16
(Morty: Who is Zachary Taylor?)

Ulysses Grant

Morty
Triple Stumper
    $400 23
Venice

Morty
    $400 18
Schwarzkopf

Hansford
    $400 2
Amherst, Massachusetts

Hansford
    $400 7
Jupiter

Hansford
    $400 12
van Gogh

Paula
    $400 27
the Brooklyn Bridge

Paula
    $600 24
Bermuda

Morty
    $600 19
Gloria Steinem

Paula
    $600 3
Maria Callas

Hansford
    $600 8
a satyr

Morty
    $600 13
Grandma Moses

Hansford
    $600 28
the vice presidency

Triple Stumper
    $800 25
the Indian Ocean

Hansford
    $1,000 20
Ernie Pyle

Paula
    $1,000 4
Bella Abzug

Hansford
    $800 9
Mercury (mercurial)

Morty
    $800 14
Rembrandt

Hansford
    $800 29
Tiffany

Hansford
    $1000 26
(Alex: And guess what? You've got to go back to CHESTER A. ARTHUR.)

Greenland

Hansford
    $1000 21
an Illness

Paula
    $1000 5
Lady Astor

Hansford
    $1000 10
the Muses

Paula
    $1000 15
(William) Hogarth

Hansford
    $1000 30
Alan

Morty

Scores at the end of the Double Jeopardy! Round:

Hansford Morty Paula
$15,000 $4,900 $4,600
(lock game)

Final Jeopardy! Round responses

LITERATURE
PaulaWho is the scribe?
$4,600
MortyWho was the Pilgrim
$4,900
HansfordWho was Becket?
$1,000
Becket

Final scores:

Hansford Morty Paula
$16,000 $0 $0
Automatic semifinalist 2nd place: $1,000 if eliminated 3rd place: $1,000 if eliminated

Game dynamics:

Coryat scores:

Hansford Morty Paula
$14,800 $4,900 $4,900
34 R
(including 1 DD),
0 W
12 R,
1 W
11 R
(including 1 DD),
5 W
(including 1 DD)

Combined Coryat: $24,600

[game] [game scores] [suggest correction]

Game tape date: 1992-02-24
The J! Archive is created by fans, for fans. Scraping, republication, monetization, and malicious use prohibited; this site may use cookies and collect identifying information. See terms. The Jeopardy! game show and all elements thereof, including but not limited to copyright and trademark thereto, are the property of Jeopardy Productions, Inc. and are protected under law. This website is not affiliated with, sponsored by, or operated by Jeopardy Productions, Inc. Join the discussion at JBoard.tv.